[Event "Titled Tuesday intern op 14th May Early"]
[Site "Chess.com INT"]
[Date "2024.05.14"]
[Round "5"]
[White "Latifah, Laysa"]
[Black "Haug, Havard"]
[Result "1/2-1/2"]
[WhiteElo "2009"]
[BlackElo "2307"]
[PlyCount "163"]
[EventDate "2024.05.14"]
[EventType "swiss (blitz)"]
[EventRounds "11"]
[EventCountry "USA"]
[SourceTitle "EXT 2025"]
[Source "ChessBase"]
[SourceDate "2024.10.14"]
[SourceVersion "1"]
[SourceVersionDate "2024.10.14"]
[SourceQuality "1"]

1. e4 a5 2. Nf3 Ra6 3. d4 Ra8 4. Bd3 g6 5. 0-0 Bg7 6. c4 d6 7. Nc3 Bg4 8. d5 Nd7 9. Bf4 Ne5 10. Bxe5 Bxe5 11. h3 Bxf3 12. Qxf3 Nf6 13. Qe3 0-0 14. Nd1 Nd7 15. f4 Bg7 16. Rb1 e5 17. f5 g5 18. f6 Bxf6 19. Rf5 h6 20. Nf2 Bg7 21. Ng4 c6 22. Rbf1 Qb6 23. Qxb6 Nxb6 24. h4 f6 25. Nxf6+ Kh8 26. hxg5 hxg5 27. Ng4 Na4 28. b3 Nc5 29. Bc2 cxd5 30. exd5 e4 31. Rxf8+ Rxf8 32. Rxf8+ Bxf8 33. Kf2 Kg7 34. Ke3 Kf7 35. Bxe4 Bg7 36. Bf5 b6 37. Nf2 Be5 38. Kf3 Bd4 39. Nh3 Kf6 40. Bc2 Na6 41. Kg4 Be3 42. Kf3 Bc1 43. Nf2 Nc5 44. Kg4 Be3 45. Nd1 Bd4 46. a3 Nd7 47. Kf3 Bc5 48. Ke4 Bxa3 49. Nc3 Bc5 50. Kd3 Ke5 51. Ne4 g4 52. Ng5 Kf4 53. Ne4 Ne5+ 54. Ke2 g3 55. Nf6 Bf2 56. Ne8 Bc5 57. Nf6 Nf7 58. Nh5+ Kg4 59. Nf6+ Kg5 60. Ne4+ Kf4 61. Nf6 Nh6 62. Nh5+ Kg4 63. Nf6+ Kg5 64. Ne4+ Kf4 65. Nf6 Nf7 66. Nh5+ Kg4 67. Nf6+ Kg5 68. Nh7+ Kf4 69. Nf6 Bd4 70. Nh5+ Kg4 71. Bg6 Nd8 72. Be8 Be5 73. Kd3 Nb7 74. Kc2 Nc5 75. Bg6 Kg5 76. Be8 Ne4 77. Kd3 Nc5+ 78. Kc2 Na6 79. Kd3 Nb4+ 80. Kd2 Na6 81. Kd3 Nc5+ 82. Kc2 1/2-1/2

[Event "Titled Tuesday intern op 14th May Early"]
[Site "Chess.com INT"]
[Date "2024.05.14"]
[Round "8"]
[White "Sakhayi, Mostafa"]
[Black "Latifah, Laysa"]
[Result "1-0"]
[WhiteElo "2181"]
[BlackElo "2009"]
[PlyCount "65"]
[EventDate "2024.05.14"]
[EventType "swiss (blitz)"]
[EventRounds "11"]
[EventCountry "USA"]
[SourceTitle "EXT 2025"]
[Source "ChessBase"]
[SourceDate "2024.10.14"]
[SourceVersion "1"]
[SourceVersionDate "2024.10.14"]
[SourceQuality "1"]

1. d4 d5 2. c4 Nf6 3. cxd5 Nxd5 4. Nf3 g6 5. e4 Nb6 6. Nc3 Bg7 7. h3 0-0 8. Be2 N8d7 9. 0-0 c6 10. Bf4 Re8 11. Qc1 e5 12. Bh6 exd4 13. Bxg7 Kxg7 14. Nxd4 Nf6 15. Qe3 Nbd5 16. Nxd5 Rxe4 17. Nxf6 Rxe3 18. fxe3 Qe7 19. Rf3 Qe5 20. Raf1 c5 21. Nb5 Be6 22. Nc3 Rd8 23. Nce4 Bf5 24. Ng3 Qxf6 25. Rxf5 gxf5 26. Nh5+ Kg6 27. Nxf6 Kxf6 28. e4 Rd2 29. Rxf5+ Kg7 30. Bc4 f6 31. Rxc5 Rxb2 32. Rc7+ Kg6 33. Bd5 1-0

[Event "Titled Tuesday intern op 07th May Early"]
[Site "Chess.com INT"]
[Date "2024.05.07"]
[Round "5"]
[White "Latifah, Laysa"]
[Black "Ovezdurdiyeva, Jemal"]
[Result "0-1"]
[WhiteElo "2009"]
[BlackElo "2145"]
[PlyCount "128"]
[EventDate "2024.05.07"]
[EventType "swiss (blitz)"]
[EventRounds "11"]
[EventCountry "USA"]
[SourceTitle "EXT 2025"]
[Source "ChessBase"]
[SourceDate "2024.10.14"]
[SourceVersion "1"]
[SourceVersionDate "2024.10.14"]
[SourceQuality "1"]

1. e4 d6 2. d4 Nf6 3. Bd3 g6 4. h3 Bg7 5. Nf3 Nbd7 6. c3 e5 7. Be3 0-0 8. Nbd2 c6 9. 0-0 Qc7 10. Qc2 Nh5 11. Rfe1 Nf4 12. Bxf4 exf4 13. a4 Re8 14. Nc4 Nf8 15. Qd2 Bh6 16. e5 d5 17. Nd6 Rd8 18. c4 Be6 19. Rac1 Qd7 20. h4 Bg4 21. Ng5 Bxg5 22. hxg5 Ne6 23. f3 Bh5 24. cxd5 cxd5 25. Bc2 Qe7 26. Bb3 Qxg5 27. Qf2 Rab8 28. Rc5 b6 29. Rxd5 Qe7 30. Ne4 Rxd5 31. Bxd5 Kg7 32. Bc6 Rd8 33. d5 Nc5 34. Nf6 Nd3 35. Qe2 Nxe1 36. Qxe1 Qc5+ 37. Kh2 Qe3 38. Qh4 Qxe5 39. Nxh5+ Qxh5 40. Qxh5 gxh5 41. Kh3 Kg6 42. Kh4 Re8 43. d6 Rd8 44. d7 Kf6 45. Kxh5 Ke7 46. Kh6 Kd6 47. Bb5 a6 48. Bxa6 Rxd7 49. Kxh7 Ke5 50. Kg7 f6+ 51. Kg6 Rd2 52. Kf7 Rxg2 53. b4 Rb2 54. b5 Ra2 55. Bb7 Rxa4 56. Bc6 Ra3 57. Kg6 Rc3 58. Kf7 Rxc6 59. bxc6 Kd6 60. Kxf6 b5 61. Kf5 b4 62. Ke4 Kxc6 63. Kd4 Kb5 64. Kd3 Ka4 0-1

[Event "Titled Tuesday intern op 07th May Early"]
[Site "Chess.com INT"]
[Date "2024.05.07"]
[Round "10"]
[White "Rodriguez Avila, Alvaro"]
[Black "Latifah, Laysa"]
[Result "0-1"]
[WhiteElo "2084"]
[BlackElo "2009"]
[PlyCount "76"]
[EventDate "2024.05.07"]
[EventType "swiss (blitz)"]
[EventRounds "11"]
[EventCountry "USA"]
[SourceTitle "EXT 2025"]
[Source "ChessBase"]
[SourceDate "2024.10.14"]
[SourceVersion "1"]
[SourceVersionDate "2024.10.14"]
[SourceQuality "1"]

1. e4 g6 2. d4 Bg7 3. Bc4 a6 4. Nf3 b5 5. Bb3 Bb7 6. Qe2 Nf6 7. e5 Nd5 8. a4 b4 9. h4 h5 10. c4 bxc3 11. bxc3 c5 12. c4 Nb4 13. d5 d6 14. exd6 Bxa1 15. Bf4 Bf6 16. 0-0 0-0 17. Nbd2 Re8 18. Ne4 Nd7 19. Qd2 e6 20. dxe6 Rxe6 21. Neg5 Re8 22. Rd1 Ne5 23. Bxe5 Bxe5 24. d7 Re7 25. Nxe5 Rxe5 26. Qd6 Rf5 27. Re1 Kg7 28. Re8 Qxe8 29. dxe8Q Rxe8 30. Qc7 Re1+ 31. Kh2 Bc6 32. f3 Re2 33. Kg3 Rf6 34. Qa7 Nd3 35. Bd1 Rd2 36. Bb3 Ne1 37. Qxc5 Rxg2+ 38. Kh3 Bd7+ 0-1

[Event "Titled Tuesday intern op 07th May Early"]
[Site "Chess.com INT"]
[Date "2024.05.07"]
[Round "8"]
[White "Samunenkov, Igor"]
[Black "Latifah, Laysa"]
[Result "1-0"]
[WhiteElo "2547"]
[BlackElo "2009"]
[PlyCount "99"]
[EventDate "2024.05.07"]
[EventType "swiss (blitz)"]
[EventRounds "11"]
[EventCountry "USA"]
[SourceTitle "EXT 2025"]
[Source "ChessBase"]
[SourceDate "2024.10.14"]
[SourceVersion "1"]
[SourceVersionDate "2024.10.14"]
[SourceQuality "1"]

1. e4 c6 2. Nf3 d5 3. Nc3 dxe4 4. Nxe4 Nf6 5. Qe2 Nxe4 6. Qxe4 Nd7 7. Bc4 e6 8. d4 Nf6 9. Qe2 Be7 10. 0-0 0-0 11. Rd1 b5 12. Bb3 Bb7 13. Ne5 Qb6 14. a4 a6 15. Bg5 Qd8 16. c3 h6 17. Bh4 Nd5 18. Bxe7 Qxe7 19. Nd3 Rab8 20. Bxd5 cxd5 21. Nc5 bxa4 22. Rxa4 Bc6 23. Ra5 Bb5 24. Qe3 Bc4 25. b4 Rb6 26. Rda1 Qd6 27. f4 Re8 28. Re1 f6 29. Raa1 Re7 30. Qg3 Rb8 31. Re3 Rbe8 32. Rae1 Qb6 33. f5 e5 34. dxe5 Qb8 35. Ne6 d4 36. cxd4 Bxe6 37. exf6 Qxg3 38. hxg3 gxf6 39. Rxe6 Rxe6 40. Rxe6 Rd8 41. Rxf6 Rxd4 42. Rxh6 Rxb4 43. Rxa6 Rg4 44. Kf2 Rg5 45. Rg6+ Rxg6 46. fxg6 Kg7 47. Kf3 Kxg6 48. Kg4 Kg7 49. Kg5 Kg8 50. Kg6 1-0

[Event "Asia-ch U18 Girls"]
[Site "Al Ain"]
[Date "2023.12.20"]
[Round "8"]
[White "Latifah, Laysa"]
[Black "Ghomi, Parnian"]
[Result "1-0"]
[WhiteElo "1927"]
[BlackElo "2008"]
[PlyCount "119"]
[EventDate "2023.12.14"]
[EventType "swiss"]
[EventRounds "9"]
[EventCountry "UAE"]
[SourceTitle "EXT 2025"]
[Source "ChessBase"]
[SourceDate "2024.10.14"]
[SourceVersion "1"]
[SourceVersionDate "2024.10.14"]
[SourceQuality "1"]

1. e4 e6 2. d4 d5 3. Nc3 Bb4 4. e5 b6 5. a3 Bf8 6. Nf3 c5 7. Bf4 a6 8. h4 Nc6 9. g3 Nge7 10. h5 h6 11. Bh3 Nxd4 12. Nxd4 cxd4 13. Ne2 Qc7 14. Nxd4 g5 15. hxg6 Nxg6 16. Qe2 Bg7 17. Nf3 Bd7 18. c3 Bb5 19. Qe3 0-0-0 20. 0-0-0 Kb7 21. Kb1 Rc8 22. Rde1 Qc4 23. Bf1 Qa4 24. Bxb5 Qxb5 25. Ka1 Rc4 26. Nd4 Qa5 27. Ka2 Rhc8 28. Qd2 Bf8 29. Rc1 Ra4 30. Kb1 Rac4 31. Rc2 Bg7 32. Qe1 Qc5 33. Re2 Qc7 34. Rh5 b5 35. Bd2 Qe7 36. Nb3 Ka8 37. Bxh6 Rh8 38. Bg5 Qe8 39. Rxh8 Qxh8 40. f4 Qh3 41. Nd4 Rc8 42. Ka2 Qg4 43. Re3 Qh5 44. Nf3 Qh8 45. Qd2 Qe8 46. g4 Qc6 47. f5 Nh8 48. Nd4 Qd7 49. Qh2 exf5 50. gxf5 Qc7 51. f6 Bf8 52. Qxh8 Qc4+ 53. Nb3 d4 54. Qh1+ Kb8 55. cxd4 b4 56. a4 Qc2 57. Qe4 Qf2 58. Na5 Rc7 59. Bf4 Ka7 60. e6 1-0

[Event "Asia-ch U18 Girls"]
[Site "Al Ain"]
[Date "2023.12.17"]
[Round "5"]
[White "Latifah, Laysa"]
[Black "Tejaswini, G."]
[Result "1-0"]
[WhiteElo "1927"]
[BlackElo "2010"]
[PlyCount "75"]
[EventDate "2023.12.14"]
[EventType "swiss"]
[EventRounds "9"]
[EventCountry "UAE"]
[SourceTitle "EXT 2025"]
[Source "ChessBase"]
[SourceDate "2024.10.14"]
[SourceVersion "1"]
[SourceVersionDate "2024.10.14"]
[SourceQuality "1"]

1. e4 c5 2. Nf3 d6 3. c3 Nf6 4. h3 Nbd7 5. Bd3 g6 6. Bc2 Bg7 7. 0-0 0-0 8. d4 Qc7 9. Re1 e5 10. a4 a6 11. Na3 Rb8 12. Bg5 h6 13. Bh4 g5 14. Bg3 Nh5 15. dxe5 Nxg3 16. exd6 Qd8 17. fxg3 g4 18. Nh4 Ne5 19. Nf5 Bxf5 20. exf5 gxh3 21. gxh3 Qg5 22. Kg2 Rbd8 23. Qd5 h5 24. h4 Qg4 25. Re3 Bf6 26. Rae1 Nd7 27. Re4 Qg7 28. Nc4 b5 29. Na5 Bxc3 30. bxc3 Nf6 31. Qxc5 Nxe4 32. Rxe4 Qf6 33. Rd4 Rfe8 34. Be4 Re5 35. Qc7 Kh8 36. Nc6 Rg8 37. d7 Rc5 38. d8Q 1-0

[Event "Asia-ch U18 Girls"]
[Site "Al Ain"]
[Date "2023.12.16"]
[Round "3"]
[White "Latifah, Laysa"]
[Black "Mapa, MMWH"]
[Result "1-0"]
[WhiteElo "1927"]
[BlackElo "1429"]
[PlyCount "85"]
[EventDate "2023.12.14"]
[EventType "swiss"]
[EventRounds "9"]
[EventCountry "UAE"]
[SourceTitle "EXT 2025"]
[Source "ChessBase"]
[SourceDate "2024.10.14"]
[SourceVersion "1"]
[SourceVersionDate "2024.10.14"]
[SourceQuality "1"]

1. e4 c5 2. Nf3 Nc6 3. d4 cxd4 4. Nxd4 e5 5. Nb5 d6 6. c4 a6 7. N5a3 Nf6 8. Nc3 Be7 9. Nc2 Be6 10. Bd3 Ng4 11. h3 Nf6 12. Be3 Rc8 13. Nd5 Bxd5 14. exd5 e4 15. Be2 Ne5 16. b3 0-0 17. 0-0 Nfd7 18. Nd4 Nc5 19. f4 exf3 20. Nxf3 Bf6 21. Rc1 Ne4 22. Nxe5 Bxe5 23. Bg4 f5 24. Bxf5 Rxf5 25. Rxf5 Qd7 26. Rf3 Re8 27. Bd4 Qe7 28. Bxe5 Qxe5 29. Qd3 Nf6 30. Rcf1 Qb2 31. Re3 Rxe3 32. Qxe3 Qe5 33. Qxe5 dxe5 34. Re1 e4 35. Kf2 Kf7 36. Ke3 Ke7 37. Kd4 Kd6 38. c5+ Kd7 39. g4 h6 40. Rg1 e3 41. Re1 Ne8 42. Rxe3 Nc7 43. a4 1-0